Planetary mine : territories of extraction under late capitalism.
"Planetary Mine rethinks the politics and territoriality of resource extraction, especially as the mining industry becomes reorganized in the form of logistical networks, and East Asian economies emerge as the new pivot of the capitalist world-system. Through an exploration of the ways in which...
Kaydedildi:
| Yazar: | |
|---|---|
| Materyal Türü: | Kitap |
| Dil: | İngilizce |
| Baskı/Yayın Bilgisi: |
Brooklyn, USA :
Verso Books,
2020
|
| Konular: | |
| Etiketler: |
Etiketle
Etiket eklenmemiş, İlk siz ekleyin!
|
MARC
| LEADER | 00000cam a2200000 i 4500 | ||
|---|---|---|---|
| 001 | 21129225 | ||
| 003 | CL-VaPUC | ||
| 005 | 20250103135809.0 | ||
| 008 | 190812s2020 nyu b 001 0 eng | ||
| 010 | |a 2019026482 | ||
| 020 | |a 9781788732963 |q (paperback) | ||
| 020 | |a 9781788732956 |q (hardback) | ||
| 020 | |z 9781788732987 |q (ebook) | ||
| 040 | |a DLC |b eng |c Pontificia Universidad Católica de Valparaíso |e rda |d DLC | ||
| 042 | |a pcc | ||
| 043 | |a s-cl--- | ||
| 050 | 0 | 0 | |a HC192.5 |b .A73 2020 |
| 082 | 0 | 0 | |a 333.80983 ARB 2020 |2 23 |
| 100 | 1 | |a Arboleda, Martín, |e author |9 893802 | |
| 245 | 1 | 0 | |a Planetary mine : |b territories of extraction under late capitalism. |
| 260 | |a Brooklyn, USA : |b Verso Books, |c 2020 | ||
| 300 | |a xiv, 274 pages ; | ||
| 500 | |a Includes bibliographical references and index. | ||
| 520 | |a "Planetary Mine rethinks the politics and territoriality of resource extraction, especially as the mining industry becomes reorganized in the form of logistical networks, and East Asian economies emerge as the new pivot of the capitalist world-system. Through an exploration of the ways in which mines in the Atacama Desert of Chile-the driest in the world-have become intermingled with an expanding constellation of megacities, ports, banks, and factories across East Asia, the book rethinks uneven geographical development in the era of supply chain capitalism. Arguing that extraction entails much more than the mere spatiality of mine shafts and pits, Planetary Mine points towards the expanding webs of infrastructure, of labor, of finance, and of struggle, that drive resource-based industries in the twenty-first century"-- |c Provided by publisher. | ||
| 583 | |c 20241114 | ||
| 650 | 0 | |a Recursos naturales |z Chile. |9 893803 | |
| 650 | 0 | |a Inversiones extranjeras |z Chile. |9 893804 | |
| 650 | 0 | |a Globalización |x Aspectos económicos |9 893805 | |
| 942 | |2 ddc |c BK | ||
| 999 | |c 445047 |d 445045 | ||
| 952 | |0 0 |1 0 |2 ddc |4 0 |6 333_809830000000000_ARB_2020 |7 0 |8 A |9 598013 |a BIBARQ |b BIBARQ |d 2024-11-14 |e 3 |g 38733.40 |i 5663273 |l 1 |o 333.80983 ARB 2020 |p 5663273 |r 2025-03-13 |s 2025-03-13 |t 1 |v 38733.40 |w 2024-11-14 |y BK |k MAD | ||
| 952 | |0 0 |1 0 |2 ddc |4 0 |6 333_809830000000000_ARB_2020 |7 0 |8 A |9 598827 |a BIBARQ |b BIBARQ |d 2025-01-03 |e 3 |g 38979.40 |i 5663777 |l 1 |m 1 |o 333.80983 ARB 2020 |p 5663777 |r 2025-05-05 |s 2025-04-25 |t 2 |v 38979.40 |w 2025-01-03 |y BK |k MAD | ||